000 00455nam a2200181Ia 4500
001 10687
005 20260306161850.0
008 260306t1994||||xx |||||||||||||| ||spa||
041 _aESP
082 _a946.08
_bC243
100 _aCierva, Ricardo de la
_eAUT
245 0 _aCarrillo miente:
_b156 documentos contra 103 falsedades
260 _c1994
300 _a515 páginas :
_c24 cm.
650 _aGEN
654 _aCHU
942 _cLIB
_dJUS
_fJUS
_2ddc
_n
999 _c10687
_d10687